Statistics for English Premier League Stadiums by Picture

Click here to take the quiz!

General Stats

  • This quiz has been taken 20 times
    (15 since last reset)
  • The average score is 12 of 20

Answer Stats

Answer% Correct
Molineux Stadium
90%
Old Trafford
90%
Emirates Stadium
80%
Etihad Stadium
80%
Selhurst Park
80%
Stamford Bridge
70%
The Amex
70%
Vicarage Road
70%
Anfield
60%
Goodison Park
60%
London Stadium
60%
St James' Park
60%
Tottenham Hotspur Stadium
60%
St Mary's Stadium
50%
Turf Moor
50%
King Power Stadium
40%
Villa Park
30%
Vitality Stadium
30%
Bramall Lane
20%
Craven Cottage
0%

Score Distribution

Percentile by Number Answered

Percent of People with Each Score

Your Score History

You have not taken this quiz since the last reset